000 00304nam a22001337a 4500
008 171023b xxu||||| |||| 00| 0 eng d
020 _a9780521307178
041 _aeng
080 _a338
100 _a54
101 _aMO
245 _aTHE STATISTICAL CONSULTANT IN ACTION
_cHAND, D.J
942 _2udc
_cBK
999 _c35498
_d35498